000 00585nam a2200193 i 4500
001 102559
003 ES-MaACL
005 20230906183132.0
007 t|
008 051117s1978 sp ||||1| spa d
100 1 _aMerino y Hernández, José Luis.
_980555
245 1 0 _aAragón y su derecho /
_cJosé Luis Merino y Hernández.
260 _aZaragoza :
_bGuara,
_c1978.
300 _a162 p. ;
_c21 cm.
490 1 _aColección básica aragonesa ;
_v7
830 0 _aColección básica aragonesa ;
_v7
_9180901
852 _aES-MaACL
_jA-9284
_bR.98516
999 _c102559
_d102559